|
|
|
|
| LEADER |
00000nam0a2200000 4500 |
| 001 |
262866 |
| 005 |
20231101233707.0 |
| 010 |
|
|
|a 5335001232
|
| 035 |
|
|
|a (RuTPU)RU\TPU\book\285849
|
| 090 |
|
|
|a 262866
|
| 100 |
|
|
|a 20140604d1988 km y0rusy50 ca
|
| 101 |
0 |
|
|a rus
|
| 102 |
|
|
|a UA
|
| 105 |
|
|
|a a z 001zy
|
| 200 |
1 |
|
|a Автоматизированное проектирование валковых машин для переработки полимеров
|f Ю. Е. Лукач [и др.]
|
| 210 |
|
|
|a Киев
|c Тэхника
|d 1988
|
| 215 |
|
|
|a 208 с.
|c ил.
|
| 320 |
|
|
|a Библиогр.: с. 205=206.
|
| 606 |
1 |
|
|a Полимеры
|x Переработка
|x Механизация
|2 stltpush
|3 (RuTPU)RU\TPU\subj\50257
|9 68975
|
| 610 |
1 |
|
|a валковые машины
|
| 610 |
1 |
|
|a технологические линии
|
| 610 |
1 |
|
|a математическое моделирование
|
| 610 |
1 |
|
|a узлы
|
| 610 |
1 |
|
|a расчет на прочность
|
| 610 |
1 |
|
|a рулонные материалы
|
| 610 |
1 |
|
|a производство
|
| 610 |
1 |
|
|a автоматизированные линии
|
| 610 |
1 |
|
|a расчеты
|
| 675 |
|
|
|a 678.05
|v 3
|
| 701 |
|
1 |
|a Лукач
|b Ю. Е.
|g Юрий Ефимович
|
| 701 |
|
1 |
|a Воронин
|b Л. Г.
|g Леонид Григорьевич
|
| 701 |
|
1 |
|a Ружинская
|b Л. И.
|g Людмила Ивановна
|
| 701 |
|
1 |
|a Бондаренко
|b В. Н.
|g Владимир Николаевич
|
| 701 |
|
1 |
|a Зейгермахер
|b Л. Р.
|g Леонид Рувимович
|
| 801 |
|
1 |
|a RU
|b 63413507
|c 20140604
|
| 801 |
|
2 |
|a RU
|b 63413507
|c 20150328
|g RCR
|
| 942 |
|
|
|c BK
|